000 00630nam a2200253Ia 4500
005 20231129112542.0
008 131103s9999 xx 000 0 und d
020 _a8178801051
_cRs 650
040 _aLoreto College
041 _aEnglish
082 _a396
_b ROY
100 _aRoy, Ashine
245 _aDevelopment of Women
_cBy Ashine Roy
250 _a An assessment
260 _aNew Delhi
_bRajat Publications
_c2003
300 _avi,336p
504 _aIncludes index
630 _aFeminism
630 _aGender Studies
650 _aWomen Issues
651 _aWomen Studies
850 _aLCLIB
942 _cBK
999 _c12716
_d63195